|
|
|
|
| LEADER |
00712naa a2200181 i 4500 |
| 001 |
acta44110 |
| 005 |
20260224081030.0 |
| 008 |
170331s1989 hu o 000 hun d |
| 020 |
|
|
|a 9634818188
|
| 040 |
|
|
|a SZTE Egyetemi Kiadványok Repozitórium
|b hun
|
| 041 |
|
|
|a hun
|
| 100 |
1 |
|
|a Keveházi Katalin
|
| 245 |
1 |
0 |
|a Egy ferences kódex filológiai problémái
|h [elektronikus dokumentum] /
|c Keveházi Katalin
|
| 260 |
|
|
|c 1989
|
| 300 |
|
|
|a 109-120
|
| 490 |
0 |
|
|a Tanulmányok Karácsonyi Béla hetvenedik születésnapjára
|
| 695 |
|
|
|a Nyelvemlék - magyar - 16-17. sz., Kódex - magyar - 16-17. sz. - összehasonlító elemzés
|
| 856 |
4 |
0 |
|u http://acta.bibl.u-szeged.hu/44110/1/karacsonyi70_109-120.pdf
|z Dokumentum-elérés
|